Statistics for Top States For Flood Damage (2014)

Click here to take the quiz!

General Stats

  • This quiz has been taken 29 times
  • The average score is 8 of 10

Answer Stats

Answer % Correct
Louisiana
100%
Florida
93%
Texas
93%
Alabama
89%
Virginia
78%
New Jersey
70%
Michigan
67%
Iowa
67%
Massachusetts
56%
Arizona
44%

Score Distribution

Percentile by Number Answered

Percent of People with Each Score

Your Score History

You have not taken this quiz